000 00743nam 22002293 4500
001 202849
010 _a978-972-20-8394-2
021 _aPT
_b535255/24
090 _a202849
100 _a20260702d u||y0pory50 ba
200 _aTenho 3 Anos
_eo meu procura e encontra
_f[Disney]
_gilustrações Sandrine Lamour
205 _a
210 _aAlfragide
_cPublicações Dom Quixote
_d2025
215 _a[20] p.
_cil. ; cartonado
_d30 cm
300 _aMais de 50 elementos escondidos. Um grande livro de brincar para os mais pequenos
606 _947
_aLiteratura Infantil Americana
675 _a821.111(73)-93
_vPT
_zpor
700 _9233
_a[Disney]
702 _917698
_aLamour
_bSandrine
801 _aPT
_bBMMN
_gRPC
830 _cIsabel
990 _cLIVROS